Distretti del Regno delle Due Sicilie - Statistics

Statistiche generali
  • Questo quiz è stato fatto 70 volte
  • Il punteggio medio è 34 su 77
Risposte nella Mappa
Le risposte nella mappa del quiz sottostante sono codificate secondo una scala di colori dal rosso al verde in base alla % di persone che hanno risposto correttamente.
 
Statistiche sulle risposte
Provincia Distretto % Corretto
Napoli Napoli
98%
Terra di Bari Bari
92%
Terra d'Otranto Taranto
92%
Capitanata Foggia
90%
Terra d'Otranto Lecce
90%
Terra di Lavoro Caserta
88%
Basilicata Matera
88%
Calabria Ulteriore I Reggio
88%
Principato Citeriore Salerno
88%
Molise Campobasso
87%
Palermo Palermo
87%
Principato Ulteriore Avellino
85%
Terra d'Otranto Brindisi
85%
Messina Messina
85%
Basilicata Potenza
85%
Terra di Bari Barletta
83%
Molise Isernia
83%
Catania Catania
81%
Calabria Ulteriore II Catanzaro
81%
Calabria Citeriore Cosenza
81%
Noto Siracusa
81%
Trapani Trapani
79%
Abruzzo Citeriore Chieti
73%
Caltanissetta Caltanissetta
69%
Abruzzo Ulteriore I Teramo
67%
Girgenti Girgenti
54%
Terra di Lavoro Gaeta
50%
Napoli Pozzuoli
46%
Trapani Mazara
44%
Basilicata Melfi
44%
Palermo Cefalù
42%
Terra d'Otranto Gallipoli
42%
Abruzzo Citeriore Vasto
42%
Noto Noto
40%
Terra di Bari Altamura
38%
Capitanata San Severo
38%
Abruzzo Ulteriore II Aquila
37%
Noto Modica
37%
Calabria Citeriore Paola
35%
Calabria Citeriore Rossano
35%
Catania Caltagirone
31%
Abruzzo Ulteriore II Sulmona
31%
Abruzzo Ulteriore II Avezzano
29%
Palermo Corleone
29%
Principato Citeriore Sala
29%
Catania Acireale
27%
Napoli Castellammare
27%
Girgenti Sciacca
27%
Trapani Alcamo
25%
Calabria Citeriore Castrovillari
25%
Basilicata Lagonegro
25%
Abruzzo Citeriore Lanciano
23%
Caltanissetta Piazza
23%
Principato Citeriore Vallo
23%
Catania Nicosia
21%
Palermo Termini
21%
Terra di Lavoro Sora
19%
Terra di Lavoro Nola
17%
Abruzzo Ulteriore I Penne
17%
Abruzzo Ulteriore II Cittaducale
15%
Calabria Ulteriore I Palmi
15%
Messina Patti
15%
Caltanissetta Terranova
13%
Principato Ulteriore Ariano
12%
Napoli Casoria
12%
Molise Larino
12%
Messina Mistretta
12%
Calabria Ulteriore II Nicastro
12%
Principato Citeriore Campagna
10%
Girgenti Bivona
8%
Capitanata Bovino
8%
Messina Castroreale
8%
Calabria Ulteriore II Monteleone
8%
Calabria Ulteriore II Cotrone
6%
Calabria Ulteriore I Gerace
6%
Terra di Lavoro Piedimonte d'Alife
6%
Principato Ulteriore Sant'Angelo dei Lombardi
6%
Nessun quiz corrispondente trovato
Distribuzione punteggi
Percentuale di utenti per punteggio
Percentile per numero di risposta
I tuoi punteggi nel tempo
Non hai fatto questo quiz